000
00240 a2200097 4500
001
37924
100
_a
SHA Daud Ahmed Shaheen
245
_a
Ziabeetes Aik Kable Illaj Merz
260
_a
Lahore
_b
Saeed Memorial
_c
1997
090
_c
24106
_d
24106
942
_a
NUST-CAE
_c
M
_c
15677
999
_c
272997
_d
272997